00487nam a2200193 a 4500001001300000003000900013005001700022008004100039020000900080082001300089100002200102245003800124260004000162300000900202500003500211505001000246650001500256700002200271nice12345678IN_TiNIC20260116015211.0050524s1958 newa grp 000 0 eng  ac1000a312bBAR aBarclay, George W aTechniques of Population Analysis aNew YorkbJohn Wiley and Sonsc1958 a311p aincludes index and biblioraphy2 aIndex aDemography1 aBarclay, George W